| 000 | 00801nam a2200241 a 4500 | ||
|---|---|---|---|
| 005 | 20210223120630.0 | ||
| 008 | 991125s1978 mx 000 0 spa u | ||
| 020 | _a9682300959 | ||
| 035 | _aUPN01000004644 | ||
| 049 | _aCG | ||
| 050 | 4 |
_aHD565 _bS2.3 |
|
| 100 | 1 | _aSala de Tourón, Lucía | |
| 245 | 1 | 0 |
_aArtigas y su revolución agraria 1811-1820 / _cLucía Sala de Tourón, Nelson de la Torre, Julio C. Rodríguez. |
| 260 |
_aMéxico : _bSiglo XXI, _c1978. |
||
| 300 | _a322 p. | ||
| 440 | 0 |
_aAmérica nuestra. _v12. _pLos hombres y las ideas |
|
| 650 | 4 |
_aREFORMA AGRARIA - _zURUGUAY |
|
| 600 | 1 | 4 |
_aARTIGAS, JOSE GERVASIO, _d1764-1850 _92053 |
| 651 | 4 |
_aURUGUAY - _xHISTORIA - _y1810-1830 |
|
| 700 | 1 |
_aTorre, Nelson de la, _ecoaut. |
|
| 700 | 1 |
_aRodríguez, Julio C., _ecoaut. |
|
| 905 | _aLibro | ||
| 999 |
_c4644 _d4644 |
||